Memoria sobre la fabricación de aceites en la provincia de Lérida / (Record no. 129025)

MARC details
000 -LEADER
campo de control de longitud fija 00871nam a2200229 i 4500
001 - NÚMERO DE CONTROL
campo de control 129025
003 - IDENTIFICADOR DE NÚMERO DE CONTROL
campo de control ES-MaACL
005 - FECHA Y HORA DE LA ÚLTIMA TRANSACCIÓN
campo de control 20230906193426.0
007 - CAMPO FIJO DE DESCRIPCIÓN FÍSICA--INFORMACIÓN GENERAL
campo de control de longitud fija t|
008 - DATOS DE LONGITUD FIJA--INFORMACIÓN GENERAL
campo de control de longitud fija 070604s1901 sp |||| | spa d
100 1# - ENTRADA PRINCIPAL--NOMBRE DE PERSONA
Nombre de persona Téllez Arauz, José Gabriel.
9 (RLIN) 109637
245 10 - MENCIÓN DEL TÍTULO
Título Memoria sobre la fabricación de aceites en la provincia de Lérida /
Mención de responsabilidad, etc. por José Gabriel Téllez y Arauz.
260 ## - PUBLICACIÓN, DISTRIBUCIÓN, ETC.
Lugar de publicación, distribución, etc. Madrid :
Nombre del editor, distribuidor, etc. [s.n.],
Fecha de publicación, distribución, etc. 1901 (
Fabricante Imp. de Ricardo Rojas)
300 ## - DESCRIPCIÓN FÍSICA
Extensión 51 p. ;
Dimensiones 23 cm.
490 1# - MENCIÓN DE SERIE
Mención de serie Folletos ;
Designación de volumen o secuencia 15/4
500 ## - NOTA GENERAL
Nota general Precede al tít.: Ministerio de Agricultura, Industria, Comercio y Obras Públicas.
650 ## - PUNTO DE ACCESO ADICIONAL DE MATERIA--TÉRMINO DE MATERIA
Término de materia o nombre geográfico como elemento de entrada Industria del aceite de oliva.
9 (RLIN) 143224
710 2# - ENTRADA AGREGADA--NOMBRE DE ENTIDAD CORPORATIVA
Nombre de entidad corporativa o nombre de jurisdicción como elemento de entrada España.
Unidad subordinada Ministerio de Agricultura, Industria, Comercio y Obras Públicas.
9 (RLIN) 169378
830 0# - PUNTO DE ACCESO ADICIONAL DE SERIE-TÍTULO UNIFORME
Título uniforme Folletos ;
Designación de volumen o secuencia 15/4
9 (RLIN) 219317
852 ## - LOCALIZACIÓN
Ubicación ES-MaACL
Número de control de estantería L-4908(15-4)
Holdings
Estatus retirado Estado de pérdida Estado de daño No para préstamo Biblioteca de origen Biblioteca actual Ubicación en estantería Fecha de adquisición Fuente de adquisición Total de préstamos Signatura topográfica completa Código de barras Visto por última vez Precio de reemplazo Tipo de ítem Koha
        Biblioteca del Ateneo de Madrid Biblioteca del Ateneo de Madrid Depósito 2 17/01/2008     L-4908(15-4) 1134366 23/02/2023 23/02/2023 Libro impreso antiguo